[Event "FIDE Grand Swiss (Women)"]
[Site "Douglas"]
[Date "2023.10.30"]
[Round "6"]
[White "Mammadzada, Gunay Vuqar Qizi"]
[Black "Milliet, Sophie"]
[Result "1/2-1/2"]
[WhiteElo "2441"]
[BlackElo "2391"]
[PlyCount "60"]
[EventDate "2023.10.25"]
[EventType "swiss"]
[EventRounds "11"]
[EventCountry "IOM"]
[SourceTitle "Mega2024 Update 01"]
[Source "Chessbase"]
[SourceDate "2023.11.12"]
[SourceVersion "1"]
[SourceVersionDate "2023.11.12"]
[SourceQuality "1"]

1. Nf3 d5 2. d4 Nf6 3. c4 e6 4. g3 dxc4 5. Bg2 Bb4+ 6. Bd2 a5 7. a3 Bxd2+ 8. Nbxd2 b5 9. b3 cxb3 10. Qxb3 c6 11. 0-0 0-0 12. Qb2 Bb7 13. Rfc1 Nbd7 14. Rc2 Qe7 15. Ne5 Nxe5 16. dxe5 Nd5 17. Ne4 Rad8 18. Nc5 Ba8 19. Nb3 Qc7 20. e4 Ne7 21. Qc3 a4 22. Nc5 Nc8 23. Na6 Qa7 24. Nb4 Nb6 25. Qc5 Qb8 26. Na6 Qb7 27. Nb4 Qb8 28. Na6 Qb7 29. Nb4 Qb8 30. Na6 Qb7 1/2-1/2

[Event "WchT (Women) Final"]
[Site "Bydgoszcz"]
[Date "2023.09.09"]
[Round "1.2"]
[White "Kulon, Klaudia"]
[Black "Milliet, Sophie"]
[Result "0-1"]
[WhiteElo "2319"]
[BlackElo "2391"]
[PlyCount "70"]
[EventDate "2023.09.09"]
[EventType "team-k.o. (rapid)"]
[EventRounds "3"]
[EventCountry "POL"]
[SourceTitle "EXT 2024"]
[Source "ChessBase"]
[SourceDate "2023.10.10"]
[SourceVersion "1"]
[SourceVersionDate "2023.10.10"]
[SourceQuality "1"]
[WhiteTeam "Poland (W)"]
[BlackTeam "France (W)"]
[WhiteTeamCountry "POL"]
[BlackTeamCountry "FRA"]

1. d4 d5 2. Bg5 h6 3. Bh4 c6 4. e3 Qb6 5. b3 e5 6. c3 exd4 7. exd4 Be7 8. Bxe7 Nxe7 9. Bd3 0-0 10. Qf3 Nd7 11. Ne2 Nf6 12. h3 Ng6 13. Nd2 Nh4 14. Qg3 Bf5 15. Bxf5 Nxf5 16. Qf4 Ne7 17. g4 Ng6 18. Qf3 Rfe8 19. h4 Ne4 20. Nxe4 Rxe4 21. Kf1 Rae8 22. Ng3 Rf4 23. Qd1 Qa5 24. Nh5 Rfe4 25. Qf3 Qd8 26. Qg3 Qe7 27. g5 Re1+ 28. Rxe1 Qxe1+ 29. Kg2 Qe4+ 30. Kh2 Qf5 31. Kg2 Re4 32. Qb8+ Kh7 33. Ng3 Qg4 34. Kf1 Nf4 35. Kg1 Re1+ 0-1

[Event "WchT (Women) Pool-A"]
[Site "Bydgoszcz"]
[Date "2023.09.06"]
[Round "1.1"]
[White "Padmini, Rout"]
[Black "Milliet, Sophie"]
[Result "1/2-1/2"]
[WhiteElo "2353"]
[BlackElo "2391"]
[PlyCount "123"]
[EventDate "2023.09.06"]
[EventType "team (rapid)"]
[EventRounds "5"]
[EventCountry "POL"]
[SourceTitle "EXT 2024"]
[Source "ChessBase"]
[SourceDate "2023.10.10"]
[SourceVersion "1"]
[SourceVersionDate "2023.10.10"]
[SourceQuality "1"]
[WhiteTeam "India (W)"]
[BlackTeam "France (W)"]
[WhiteTeamCountry "IND"]
[BlackTeamCountry "FRA"]

1. e4 c5 2. Nf3 d6 3. d4 cxd4 4. Nxd4 Nf6 5. Nc3 Nc6 6. f3 e5 7. Nb3 Be7 8. Be3 0-0 9. Qd2 Be6 10. Nd5 a5 11. Bb5 a4 12. Bb6 Qe8 13. Nc7 Qc8 14. Nxa8 Qxa8 15. Nc1 d5 16. exd5 Nxd5 17. Bf2 a3 18. c3 axb2 19. Qxb2 Ba3 20. Qd2 Nd4 21. Bd3 Rc8 22. 0-0 Rxc3 23. Ne2 Rxd3 24. Qxd3 Bf5 25. Qd2 Bb4 26. Qb2 Ba3 27. Qd2 Bb4 28. Nxd4 Bxd2 29. Nxf5 g6 30. Rfd1 Qa5 31. Nd6 Be3 32. Ne4 Kg7 33. Bxe3 Nxe3 34. Rd7 Qb6 35. Nf2 Qb2 36. Re1 Nf5 37. a4 Nd4 38. Rd5 Qd2 39. Rdxe5 Nc2 40. Rb1 Qd4 41. Re4 Qa7 42. h3 Ne3 43. Re7 Nf5 44. Rbxb7 Qa5 45. Rxf7+ Kg8 46. Rfe7 Nxe7 47. Rxe7 Qxa4 48. Re4 Qa1+ 49. Kh2 h5 50. h4 Qf6 51. Nh3 Qd6+ 52. Nf4 Kf7 53. Kh3 Qd1 54. Ne6 Qd7 55. Kg3 Qd6+ 56. Kf2 Qb6+ 57. Nd4 Qb2+ 58. Kg3 Qb8+ 59. Kh3 Qc8+ 60. Kg3 Qb8+ 61. Kh3 Qc8+ 62. Kg3 1/2-1/2

[Event "Casablanca Mohammed op 4th"]
[Site "Casablanca"]
[Date "2023.08.19"]
[Round "9"]
[White "Milliet, Sophie"]
[Black "Cuenca Jimenez, Jose Fernando"]
[Result "1-0"]
[WhiteElo "2388"]
[BlackElo "2529"]
[PlyCount "166"]
[EventDate "2023.08.14"]
[EventType "swiss"]
[EventRounds "9"]
[EventCountry "MAR"]
[SourceTitle "CBM 215 Extra"]
[Source "ChessBase"]
[SourceDate "2023.09.30"]
[SourceVersion "1"]
[SourceVersionDate "2023.09.30"]
[SourceQuality "1"]

1. e4 c5 2. Nf3 Nc6 3. Bb5 e6 4. Nc3 Nd4 5. 0-0 a6 6. Bd3 Nc6 7. Be2 Nd4 8. Bd3 Nxf3+ 9. Qxf3 Ne7 10. Qg3 Nc6 11. f4 Nb4 12. b3 Nxd3 13. Qxd3 d6 14. Bb2 Be7 15. Rae1 0-0 16. Rf3 b5 17. Rh3 g6 18. Nd1 d5 19. e5 f5 20. exf6 Bxf6 21. Be5 Bxe5 22. fxe5 Qg5 23. Nf2 c4 24. Qe2 h5 25. Rg3 Qh6 26. bxc4 bxc4 27. Ne4 Rf5 28. Nd6 Rf8 29. Rf1 Bd7 30. Rgf3 Rxf3 31. Qxf3 Rf8 32. Qxf8+ Qxf8 33. Rxf8+ Kxf8 34. Kf2 Ba4 35. c3 Ke7 36. Ke3 Kd7 37. Kf4 Bc2 38. Kg5 Ke7 39. Nb7 Kf7 40. Nd8+ Ke7 41. Nc6+ Kf7 42. Nb4 Bb1 43. a3 a5 44. Nc6 a4 45. Nd4 Be4 46. g3 Bd3 47. Nb5 Bc2 48. Nd6+ Kg7 49. Kf4 Bd1 50. h4 Bb3 51. Ke3 Bc2 52. Kd4 g5 53. Kc5 gxh4 54. gxh4 Kg6 55. Kc6 Bd1 56. Kc5 Bg4 57. Kd4 Bd1 58. Ke3 Bg4 59. Kf4 Bd1 60. Nb7 Kf7 61. Kg5 Ke7 62. Kg6 Bg4 63. Nc5 Bd1 64. Kg5 Bg4 65. Nb7 Bd1 66. Nd6 Bg4 67. Kg6 Kd7 68. Nb5 Ke7 69. Nd4 Bd1 70. Kg7 Bg4 71. Nb5 Bd1 72. Nd6 Bg4 73. Nf7 Bf5 74. Nh6 Bg4 75. Ng8+ Kd7 76. Nf6+ Kc6 77. Kg6 d4 78. Nxh5 dxc3 79. dxc3 Bf5+ 80. Kf6 Kd5 81. Nf4+ Ke4 82. Nxe6 Bg4 83. Nc5+ Kd5 1-0

[Event "FRA-chT Top 16 Gp Haute"]
[Site "Chartres"]
[Date "2023.06.11"]
[Round "4.2"]
[White "Lagarde, Maxime"]
[Black "Milliet, Sophie"]
[Result "1/2-1/2"]
[WhiteElo "2597"]
[BlackElo "2384"]
[PlyCount "64"]
[EventDate "2023.06.08"]
[EventType "team-tourn"]
[EventRounds "4"]
[EventCountry "FRA"]
[SourceTitle "CBM 214 Extra"]
[Source "ChessBase"]
[SourceDate "2023.07.31"]
[SourceVersion "1"]
[SourceVersionDate "2023.07.31"]
[SourceQuality "1"]
[WhiteTeam "Chartres"]
[BlackTeam "Grasse Echecs"]
[WhiteTeamCountry "FRA"]
[BlackTeamCountry "FRA"]

1. Nf3 d5 2. g3 c5 3. Bg2 Nc6 4. 0-0 e5 5. d3 Be7 6. Na3 h5 7. c4 d4 8. e3 dxe3 9. fxe3 h4 10. gxh4 Bg4 11. Qa4 Qd7 12. Nb5 Rd8 13. Nc3 Bh3 14. Nxe5 Nxe5 15. Bxh3 Qxa4 16. Nxa4 Nxd3 17. Bg2 Rxh4 18. Nc3 Rxc4 19. Bxb7 Rg4+ 20. Bg2 Nf6 21. e4 Nxc1 22. Raxc1 c4 23. Rc2 Bc5+ 24. Kh1 Rh4 25. Bf3 Bd4 26. Nd5 Nxd5 27. exd5 Be5 28. Re1 f6 29. Re4 Rxe4 30. Bxe4 Rb8 31. Rxc4 Rxb2 32. Rc2 Rxc2 1/2-1/2

[Event "FRA-chT Top 12 (Women) GpB"]
[Site "Mulhouse"]
[Date "2023.05.20"]
[Round "3.1"]
[White "Belenkaya, Dina"]
[Black "Milliet, Sophie"]
[Result "1/2-1/2"]
[WhiteElo "2295"]
[BlackElo "2385"]
[PlyCount "60"]
[EventDate "2023.05.18"]
[EventType "team-tourn"]
[EventRounds "5"]
[EventCountry "FRA"]
[SourceTitle "CBM 214 Extra"]
[Source "ChessBase"]
[SourceDate "2023.07.31"]
[SourceVersion "1"]
[SourceVersionDate "2023.07.31"]
[SourceQuality "1"]
[WhiteTeam "Monaco (W)"]
[BlackTeam "Grasse (W)"]
[WhiteTeamCountry "MNC"]
[BlackTeamCountry "FRA"]

1. e4 e5 2. Nf3 Nc6 3. d4 exd4 4. Nxd4 Nf6 5. Nxc6 bxc6 6. e5 Qe7 7. Qe2 Nd5 8. g3 g6 9. Bg2 Bg7 10. 0-0 0-0 11. c4 Nb6 12. Re1 Re8 13. Bf4 Ba6 14. b3 g5 15. Bd2 Qxe5 16. Qxe5 Rxe5 17. Rxe5 Bxe5 18. Nc3 d5 19. Re1 Bf6 20. a4 Rd8 21. a5 Nd7 22. cxd5 Nc5 23. b4 Nd3 24. Rb1 Bd4 25. Nd1 cxd5 26. b5 Rb8 27. Bxd5 Rxb5 28. Rxb5 Bxb5 29. Bxg5 c6 30. Be4 c5 1/2-1/2

[Event "FRA-chT Top 12 (Women) GpB"]
[Site "Mulhouse"]
[Date "2023.05.18"]
[Round "1.2"]
[White "Milliet, Sophie"]
[Black "Batsiashvili, Nino"]
[Result "1/2-1/2"]
[WhiteElo "2385"]
[BlackElo "2467"]
[PlyCount "140"]
[EventDate "2023.05.18"]
[EventType "team-tourn"]
[EventRounds "5"]
[EventCountry "FRA"]
[SourceTitle "CBM 214 Extra"]
[Source "ChessBase"]
[SourceDate "2023.07.31"]
[SourceVersion "1"]
[SourceVersionDate "2023.07.31"]
[SourceQuality "1"]
[WhiteTeam "Grasse (W)"]
[BlackTeam "Tour de Juvisy (W)"]
[WhiteTeamCountry "FRA"]
[BlackTeamCountry "FRA"]

1. e4 e5 2. Nf3 Nc6 3. Bb5 a6 4. Ba4 Nf6 5. 0-0 Bc5 6. c3 b5 7. Bb3 d6 8. d4 Bb6 9. Be3 0-0 10. Nbd2 Re8 11. h3 Bd7 12. dxe5 Bxe3 13. exf6 Bxd2 14. Qxd2 Qxf6 15. Ng5 Re7 16. f4 Rf8 17. e5 Qg6 18. exd6 cxd6 19. Bc2 f5 20. Bb3+ Kh8 21. Rad1 h6 22. Nf3 Rf6 23. Rfe1 Qg3 24. Rxe7 Nxe7 25. Qe1 Qxe1+ 26. Rxe1 Ng6 27. Nd4 b4 28. g3 bxc3 29. bxc3 Rf8 30. Be6 Bc8 31. Kf2 Ne7 32. Bb3 Ng8 33. Bxg8 Kxg8 34. Re7 Rf7 35. Re8+ Rf8 36. Re7 Rf7 37. Re8+ Rf8 38. Rxf8+ Kxf8 39. Ke3 Ke7 40. Nc2 Bb7 41. Kd4 Ke6 42. Ne3 Be4 43. h4 Bb1 44. a3 Kd7 45. Nd5 Kc6 46. c4 a5 47. Nc3 Bc2 48. Nd5 Bb1 49. Ne3 h5 50. Nf1 Be4 51. Nd2 Bg2 52. Nb3 Kb6 53. Kc3 Bc6 54. Kd4 Bf3 55. Nc1 Be4 56. Ne2 Kc6 57. Nc3 Bf3 58. Nb1 Be4 59. Nd2 Bg2 60. Kc3 Kb6 61. Kd3 Bc6 62. Nb3 Be4+ 63. Kc3 Bc6 64. Nd4 Bd7 65. Nf3 Kc5 66. Ne1 Bc6 67. Nd3+ Kb6 68. Kd4 Bf3 69. Nc1 Kc6 70. Nb3 Kb6 1/2-1/2

[Event "ITA-chT (Women)"]
[Site "Bacoli"]
[Date "2023.05.01"]
[Round "7.1"]
[White "Milliet, Sophie"]
[Black "Socko, Monika"]
[Result "1/2-1/2"]
[WhiteElo "2404"]
[BlackElo "2432"]
[PlyCount "76"]
[EventDate "2023.04.25"]
[EventType "team-tourn"]
[EventRounds "7"]
[EventCountry "ITA"]
[SourceTitle "CBM 214 Extra"]
[Source "ChessBase"]
[SourceDate "2023.07.31"]
[SourceVersion "1"]
[SourceVersionDate "2023.07.31"]
[SourceQuality "1"]

1. e4 e5 2. Nf3 Nf6 3. Nxe5 d6 4. Nf3 Nxe4 5. Nc3 Nxc3 6. dxc3 Be7 7. Bf4 Nd7 8. Qd2 Nc5 9. 0-0-0 0-0 10. h4 Bg4 11. Re1 Qd7 12. Nd4 Rae8 13. f3 Be6 14. b3 Bf6 15. g4 Bd5 16. Bb5 Rxe1+ 17. Rxe1 Qd8 18. g5 Bxd4 19. cxd4 Ne6 20. Bd3 Bxf3 21. Bxh7+ Kxh7 22. Qd3+ Kg8 23. Qxf3 Nxd4 24. Qe4 Ne6 25. h5 Nxg5 26. Qxb7 Ne6 27. Be3 a5 28. h6 Qf6 29. hxg7 Re8 30. Rg1 Nxg7 31. Kb1 Kf8 32. Bg5 Qc3 33. Qh1 Nf5 34. Bh6+ Nxh6 35. Qxh6+ Ke7 36. Qg5+ Kd7 37. Qf5+ Kc6 38. Qxf7 Re1+ 1/2-1/2

[Event "ITA-chT (Women)"]
[Site "Bacoli"]
[Date "2023.04.30"]
[Round "5.1"]
[White "Milliet, Sophie"]
[Black "Graziani, Emma"]
[Result "1-0"]
[WhiteElo "2404"]
[BlackElo "1827"]
[PlyCount "43"]
[EventDate "2023.04.25"]
[EventType "team-tourn"]
[EventRounds "7"]
[EventCountry "ITA"]
[SourceTitle "CBM 214 Extra"]
[Source "ChessBase"]
[SourceDate "2023.07.31"]
[SourceVersion "1"]
[SourceVersionDate "2023.07.31"]
[SourceQuality "1"]

1. d4 c5 2. d5 Nf6 3. Nc3 e6 4. e4 d6 5. Nf3 Be7 6. Be2 0-0 7. 0-0 exd5 8. exd5 Bf5 9. Re1 Re8 10. h3 Nbd7 11. Nh4 Bg6 12. Nxg6 hxg6 13. Bf4 a6 14. a4 b6 15. Bc4 Nh7 16. Qd3 Qc8 17. Qg3 Qc7 18. Rxe7 Rxe7 19. Bxd6 Qd8 20. Bxe7 Qxe7 21. d6 Qf6 22. Re1 1-0

[Event "Lyon ECAM GM"]
[Site "Lyon"]
[Date "2023.04.13"]
[Round "5"]
[White "Bournel, Antoine"]
[Black "Milliet, Sophie"]
[Result "1/2-1/2"]
[WhiteElo "2362"]
[BlackElo "2392"]
[PlyCount "73"]
[EventDate "2023.04.10"]
[EventType "tourn"]
[EventRounds "9"]
[EventCountry "FRA"]
[EventCategory "9"]
[SourceTitle "EXT 2024"]
[Source "ChessBase"]
[SourceDate "2023.10.10"]
[SourceVersion "1"]
[SourceVersionDate "2023.10.10"]
[SourceQuality "1"]

1. d4 Nf6 2. c4 e6 3. Nf3 d5 4. Nc3 c6 5. Bg5 h6 6. Bxf6 Qxf6 7. e3 Nd7 8. Be2 g6 9. 0-0 Qe7 10. e4 dxc4 11. Bxc4 Bg7 12. Qe2 0-0 13. Rfd1 b5 14. Bb3 Bb7 15. Rac1 a6 16. Qe3 Rac8 17. Rd2 c5 18. Rcd1 cxd4 19. Nxd4 Nc5 20. Bc2 Rfd8 21. a3 h5 22. Bb1 Nd7 23. Nde2 Ne5 24. Ba2 Ng4 25. Qb6 Rxd2 26. Rxd2 Be5 27. g3 Bb8 28. Nd4 Ne5 29. Kf1 Kh7 30. f4 Ng4 31. Nf3 Ba8 32. Qxa6 Qc5 33. Qxb5 Qe3 34. Qd3 Qb6 35. Qb5 Qe3 36. Qd3 Qb6 37. Qb5 1/2-1/2

[Event "EU-ch (Women) 23rd"]
[Site "Petrovac"]
[Date "2023.03.20"]
[Round "3"]
[White "Milliet, Sophie"]
[Black "Radeva, Viktoria"]
[Result "1/2-1/2"]
[WhiteElo "2404"]
[BlackElo "2247"]
[PlyCount "76"]
[EventDate "2023.03.18"]
[EventType "swiss"]
[EventRounds "11"]
[EventCountry "MNE"]
[SourceTitle "CBM 213 Extra"]
[Source "ChessBase"]
[SourceDate "2023.05.31"]
[SourceVersion "1"]
[SourceVersionDate "2023.05.31"]
[SourceQuality "1"]

1. d4 d5 2. c4 e6 3. Nf3 Nf6 4. g3 dxc4 5. Bg2 c5 6. 0-0 Nc6 7. dxc5 Qxd1 8. Rxd1 Bxc5 9. Nbd2 c3 10. bxc3 0-0 11. Nb3 Be7 12. Nfd4 Nxd4 13. cxd4 Nd5 14. Bd2 Bd7 15. e4 Nf6 16. Bf4 Rfd8 17. d5 exd5 18. exd5 Ba3 19. Bc7 Re8 20. Na5 Ba4 21. Nxb7 Bxd1 22. Rxd1 Re2 23. d6 Rae8 24. Ba5 Rxa2 25. d7 Nxd7 26. Rxd7 Ra1+ 27. Bf1 Bf8 28. Rd5 Rb8 29. Rb5 Rxb7 30. Rxb7 Rxa5 31. Bc4 Rf5 32. Rxa7 Rxf2 33. Kxf2 Bc5+ 34. Kf3 Bxa7 35. g4 g6 36. h4 Kg7 37. h5 gxh5 38. gxh5 f6 1/2-1/2

[Event "EU-ch (Women) 23rd"]
[Site "Petrovac"]
[Date "2023.03.19"]
[Round "2"]
[White "Antolak, Julia"]
[Black "Milliet, Sophie"]
[Result "1/2-1/2"]
[WhiteElo "2276"]
[BlackElo "2404"]
[PlyCount "51"]
[EventDate "2023.03.18"]
[EventType "swiss"]
[EventRounds "11"]
[EventCountry "MNE"]
[SourceTitle "CBM 213 Extra"]
[Source "ChessBase"]
[SourceDate "2023.05.31"]
[SourceVersion "1"]
[SourceVersionDate "2023.05.31"]
[SourceQuality "1"]

1. e4 e5 2. Nf3 Nc6 3. Bc4 Nf6 4. Ng5 d5 5. exd5 Na5 6. Bb5+ c6 7. dxc6 bxc6 8. Be2 h6 9. Nh3 Bd6 10. d3 0-0 11. 0-0 Qc7 12. Kh1 Be6 13. Nc3 Rad8 14. Ng1 Nd5 15. Nxd5 cxd5 16. d4 e4 17. f4 f5 18. c3 Rd7 19. Be3 g5 20. fxg5 hxg5 21. Bxg5 Bxh2 22. Nh3 Rh7 23. Bh5 Bf7 24. Be2 Be6 25. Bh5 Bf7 26. Be2 1/2-1/2

[Event "EU-ch (Women) 23rd"]
[Site "Petrovac"]
[Date "2023.03.18"]
[Round "1"]
[White "Milliet, Sophie"]
[Black "Allahverdiyeva, Ayan"]
[Result "1-0"]
[WhiteElo "2404"]
[BlackElo "2124"]
[PlyCount "128"]
[EventDate "2023.03.18"]
[EventType "swiss"]
[EventRounds "11"]
[EventCountry "MNE"]
[SourceTitle "CBM 213 Extra"]
[Source "ChessBase"]
[SourceDate "2023.05.31"]
[SourceVersion "1"]
[SourceVersionDate "2023.05.31"]
[SourceQuality "1"]

1. e4 c5 2. Nf3 d6 3. d4 cxd4 4. Nxd4 Nf6 5. Nc3 a6 6. h3 e6 7. g4 Be7 8. g5 Nfd7 9. Be3 b5 10. a3 Bb7 11. h4 0-0 12. Qd2 Nc6 13. 0-0-0 Nc5 14. f3 Rb8 15. Nxc6 Bxc6 16. b4 Nd7 17. h5 Qc7 18. g6 Bf6 19. Qxd6 Qxd6 20. Rxd6 Rfc8 21. Nd5 exd5 22. gxf7+ Kxf7 23. exd5 Nb6 24. dxc6 Be7 25. c7 Bxd6 26. cxb8Q Rxb8 27. Bd3 Be5 28. Bxb6 Rxb6 29. Bxh7 a5 30. bxa5 Ra6 31. Rd1 Rxa5 32. Rd3 Ke7 33. Rb3 Bd6 34. Kb2 Be5+ 35. Kc1 Kd6 36. Bd3 Kc5 37. Kd2 Bf4+ 38. Ke2 Bc1 39. Kf2 Kc6 40. Kg3 Kc5 41. Kg4 Kc6 42. Be4+ Kd6 43. Rd3+ Kc7 44. Rd5 Bxa3 45. Rg5 Bb2 46. c3 Kd6 47. c4 Ra1 48. cxb5 Rg1+ 49. Kf5 Rxg5+ 50. Kxg5 Bd4 51. Kg6 Ke7 52. f4 Kf8 53. Bd3 Be3 54. Kf5 Ke7 55. Ke4 Bf2 56. Kd5 Kf6 57. Bg6 Bg3 58. f5 Ke7 59. Kc6 Bf4 60. b6 Bg3 61. Kb7 Bf2 62. Kc7 Bg3+ 63. Kc6 Kd8 64. f6 Bf4 1-0